| 000 | 00436nam a22001457a 4500 | ||
|---|---|---|---|
| 008 | 151012b xxu||||| |||| 00| 0 eng d | ||
| 020 | _a0449002969 | ||
| 050 | _aSPE PS 3569 .M28 1993 | ||
| 100 |
_aSmall,Bertrice. _d1993. |
||
| 245 |
_aTo love again/ _cBertrice Small. |
||
| 260 |
_aNew york: _bIvy books, _c1993. |
||
| 300 | _a422p | ||
| 650 | _aEnglish fiction | ||
| 942 |
_2lcc _cSH_L_BOOKS _hSPE PS 3569 .M28 1993 _02 |
||
| 999 |
_c8423 _d8423 |
||